000 00564nam a2200205Ia 4500
005 20250923144739.0
008 008 250917s9999 xx 000 0 eng d
037 _aTextual
040 _aDSWL
_beng
_cDSWL
041 _aeng
_2eng
084 _aX:9:Z.2, K1
_qDSWL
100 _aSen, Arun Kumar
_9827999
245 0 _aIndian labour legislation
_cby Arun Kumar Sen
260 _aCalcutta
_bWorldPress Pvt. Ltd.
_c1961
300 _a108p.
365 _aINR
_b4
925 _g4
942 _cTEXL
_hX:9:Z.2, K1
999 _c1442826
_d1442826